[Event "Varese op 19th"]
[Site "Varese"]
[Date "2022.10.08"]
[Round "2"]
[White "Bandieramonte, Giulia"]
[Black "Silini, Riccardo"]
[Result "1-0"]
[WhiteElo "1506"]
[BlackElo "1562"]
[PlyCount "97"]
[EventDate "2022.10.07"]
[EventType "swiss"]
[EventRounds "5"]
[EventCountry "ITA"]
[SourceTitle "EXT 2024"]
[Source "ChessBase"]
[SourceDate "2023.10.10"]
[SourceVersion "1"]
[SourceVersionDate "2023.10.10"]
[SourceQuality "1"]

1. d4 Nf6 2. Bf4 b6 3. Nf3 Bb7 4. e3 e6 5. Bd3 Nh5 6. Bg3 Nxg3 7. hxg3 h6 8. Nbd2 Nc6 9. c3 d6 10. Qc2 Qd7 11. Ne4 d5 12. Neg5 0-0-0 13. 0-0-0 f6 14. Nh3 g5 15. Nd2 Kb8 16. Bb5 Qd6 17. Kb1 a6 18. Bd3 e5 19. Nb3 Qe7 20. f3 a5 21. Nf2 a4 22. Nd2 a3 23. b3 Rc8 24. Ka1 Na7 25. Bf5 Rd8 26. Rh5 c5 27. dxc5 Qxc5 28. Ng4 Bg7 29. Rdh1 Bc8 30. Nb1 d4 31. exd4 exd4 32. Bxc8 Rxc8 33. Nxh6 Rhd8 34. b4 Qe5 35. Nf7 Qe3 36. Nxd8 d3 37. Qd2 Qxd2 38. Nxd2 Rxd8 39. Rh7 Rd7 40. Kb1 Nb5 41. Rc1 f5 42. c4 Nd4 43. Rc3 Ne2 44. Rxa3 Nxg3 45. c5 bxc5 46. bxc5 Ne2 47. c6 Re7 48. Rxd3 Kc7 49. Rd7+ 1-0